[Event "Open de la Loire 2015-2016"]
[Site "LOIRE"]
[Date "2015.11.21"]
[Round "1.1"]
[White "Piguet, Francois"]
[Black "Vier, Serge"]
[Result "1/2-1/2"]
[WhiteElo "1400"]
[BlackElo "1664"]
[PlyCount "83"]

1. e4 e6 2. d4 d5 3. exd5 exd5 4. Bd3 Nf6 5. Qf3 Be7 6. Bf4 O-O 7. Ne2 Re8
8. O-O c6 9. Nd2 Bg4 10. Qg3 Bh5 11. Rfe1 Bg6 12. Bxg6 hxg6 13. Nf3 Qc8 
14. Ng5 Nh5 15. Qh4 Bxg5 16. Qxg5 Qf5 17. Qxf5 gxf5 18. f3 Nd7 19. Kf2 Re6
20. Rad1 Rae8 21. Bc1 f6 22. Nf4 Nxf4 23. Bxf4 g5 24. Bd2 Kf7 25. Rxe6 
Rxe6 26. Re1 Nb6 27. b3 Nc8 28. Rxe6 Kxe6 29. c4 Nd6 30. c5 Nb5 31. Ke3 
f4+ 32. Kd3 Kf5 33. Bc1 Nc7 34. Bd2 Ne6 35. g4+ fxg3 36. hxg3 g4 37. f4 
Ng7 38. b4 a6 39. a4 Ne6 40. Bc3 Kg6 41. Bd2 f5 42. Bc3 1/2-1/2

[Event "Open de la Loire 2015-2016"]
[Site "LOIRE"]
[Date "2015.11.21"]
[Round "1.2"]
[White "Acikgoz, Tuncay"]
[Black "Libiszewski, Christian"]
[Result "1-0"]
[WhiteElo "1661"]
[BlackElo "1399"]
[PlyCount "49"]

1. d4 Nf6 2. Nf3 d5 3. c4 c6 4. g3 Bg4 5. Bg2 e6 6. O-O Nbd7 7. Nc3 dxc4 
8. Bf4 Nd5 9. Bg5 Be7 10. Bxe7 Qxe7 11. e4 Nxc3 12. bxc3 b5 13. h3 Bxf3 
14. Bxf3 O-O 15. e5 Rac8 16. a4 Rfd8 17. axb5 Nxe5 18. bxc6 Nxf3+ 19. Qxf3
Rc7 20. Ra6 Rdc8 21. Rb1 Qe8 22. Rb7 Rxc6 23. Rxc6 g6 24. Rxc8 Qxc8 25. 
Qxf7+ 1-0

[Event "Open de la Loire 2015-2016"]
[Site "LOIRE"]
[Date "2015.11.21"]
[Round "1.3"]
[White "Zaouak, Fahim"]
[Black "Minchilli, Franco"]
[Result "0-1"]
[WhiteElo "1399"]
[BlackElo "1640"]
[PlyCount "56"]

1. d4 Nf6 2. Bg5 d5 3. e3 Nc6 4. c3 Bf5 5. Nf3 Ne4 6. Bh4 Qd6 7. Bd3 e5 8.
 dxe5 Nxe5 9. Nxe5 Qxe5 10. O-O Bd6 11. Bg3 Nxg3 12. fxg3 Qxe3+ 13. Kh1 
Qxd3 14. Re1+ Kd7 15. Nd2 Rae8 16. Qa4+ c6 17. Nf3 Rxe1+ 18. Rxe1 Re8 19. 
Qd1 Rxe1+ 20. Qxe1 h5 21. Nd4 Be4 22. a4 Be5 23. Nf3 Bxf3 24. gxf3 Qxf3+ 
25. Kg1 f6 26. Qd2 h4 27. gxh4 Bf4 28. Qg2 Be3+ 0-1

[Event "Open de la Loire 2015-2016"]
[Site "LOIRE"]
[Date "2015.11.21"]
[Round "1.4"]
[White "Joly, Christian"]
[Black "Hong, Shawn"]
[Result "1/2-1/2"]
[WhiteElo "1630"]
[BlackElo "1390"]
[PlyCount "76"]

1. e4 e5 2. Nf3 Nc6 3. d4 exd4 4. Bc4 Bc5 5. O-O Nf6 6. c3 dxc3 7. Nxc3 d6
8. e5 dxe5 9. Qxd8+ Nxd8 10. Nxe5 Be6 11. Be2 O-O 12. Bg5 Be7 13. Nb5 c6 
14. Nc7 Rc8 15. Nxe6 Nxe6 16. Bh4 Rfd8 17. Rfd1 Nd5 18. Bxe7 Nxe7 19. Bg4 
Nd5 20. Rac1 Rd6 21. Nc4 Rd7 22. Ne5 Re7 23. Rxd5 Rce8 24. Rd7 Rxd7 25. 
Nxd7 Re7 26. Rd1 Nd4 27. f4 h5 28. Bh3 Ne2+ 29. Kf2 Nxf4 30. g3 Nxh3+ 31. 
Kf3 Ng5+ 32. Kf4 f6 33. Nc5 Re5 34. Nxb7 Re4+ 35. Kf5 Kh7 36. h4 Re5+ 37. 
Kf4 Re4+ 38. Kf5 Re5+ 1/2-1/2

[Event "Open de la Loire 2015-2016"]
[Site "LOIRE"]
[Date "2015.11.21"]
[Round "1.5"]
[White "Mialon, Franck"]
[Black "Boeuf, Jeremy"]
[Result "0-1"]
[WhiteElo "1370"]
[BlackElo "1584"]
[PlyCount "60"]

1. e4 d5 2. exd5 Nf6 3. Bc4 Nxd5 4. Qf3 e6 5. Nc3 Nxc3 6. Qxc3 Nc6 7. Nf3 
Qf6 8. Qxf6 gxf6 9. O-O Bd7 10. b3 Rg8 11. Bb2 e5 12. d4 Bh3 13. Nh4 Rg4 
14. dxe5 fxe5 15. Be2 Rxh4 16. gxh3 Rxh3 17. Rad1 Bd6 18. Rd3 Rh6 19. Bc1 
Rg6+ 20. Kh1 Nb4 21. Rg3 Nxa2 22. Rxg6 hxg6 23. Bg5 Be7 24. Bxe7 Kxe7 25. 
Bc4 Nb4 26. f4 Nxc2 27. fxe5 Rf8 28. Rf2 Ne3 29. Bd3 Rd8 30. Rd2 Ng4 0-1

[Event "Open de la Loire 2015-2016"]
[Site "LOIRE"]
[Date "2015.11.21"]
[Round "1.6"]
[White "Schuhmann, Alain"]
[Black "Bournez, Gerard"]
[Result "1/2-1/2"]
[WhiteElo "1580"]
[BlackElo "1310"]
[PlyCount "70"]

1. e4 e5 2. f4 Nc6 3. Nf3 d6 4. Be2 Bg4 5. O-O Nf6 6. Nc3 Bxf3 7. Bxf3 Nd4
8. d3 Be7 9. Be3 Nxf3+ 10. Qxf3 c6 11. Rad1 O-O 12. fxe5 dxe5 13. d4 Qc7 
14. dxe5 Qxe5 15. Bf4 Qh5 16. Qxh5 Nxh5 17. Bd6 Bxd6 18. Rxd6 Rad8 19. e5 
g6 20. Rfd1 Rde8 21. Rd7 Rxe5 22. Rxb7 Rf5 23. h3 Nf4 24. Ne4 Nd5 25. c4 
Ne3 26. Rdd7 Rf1+ 27. Kh2 Nxc4 28. Rxa7 Nxb2 29. Ra6 Re8 30. Nd6 Re2 31. 
Rxc6 Rff2 32. Rc8+ Kg7 33. Kh1 Re1+ 34. Kh2 Ree2 35. Kh1 Re1+ 1/2-1/2

[Event "Open de la Loire 2015-2016"]
[Site "LOIRE"]
[Date "2015.11.21"]
[Round "1.7"]
[White "Gloaguen, Loic"]
[Black "Martin, Julien"]
[Result "1-0"]
[WhiteElo "1299"]
[BlackElo "1545"]
[PlyCount "135"]

1. e4 e5 2. Nc3 Nf6 3. Nf3 d6 4. d3 Nc6 5. Bg5 Be7 6. Nd5 Nxd5 7. Bxe7 
Ndxe7 8. d4 Nxd4 9. Nxd4 exd4 10. Qxd4 O-O 11. Bd3 c5 12. Qe3 Re8 13. O-O 
Nf5 14. Qf4 Nd4 15. c3 c4 16. Bxc4 Be6 17. Bd3 Nc6 18. Rfe1 Ne5 19. Bc2 
Ng6 20. Qg3 Qb6 21. b3 Rac8 22. Rad1 Qa5 23. Bb1 Rxc3 24. Qxd6 Rc6 25. Qd4
Qc5 26. Qa4 Ra6 27. Qxe8+ Nf8 28. Rc1 Qb4 29. Red1 Qa3 30. Rc7 Rc6 31. 
Rxc6 bxc6 32. h3 g6 33. Qxc6 Qa5 34. Qb7 Qg5 35. Kf1 Qh5 36. Rd8 Qc5 37. 
Rd2 Qc1+ 38. Ke2 Qxb1 39. Qxa7 Qxe4+ 40. Kf1 Bd5 41. f3 Qb1+ 42. Kf2 Qf5 
43. b4 Bc4 44. a4 Qb1 45. Qc5 Qf1+ 46. Kg3 h5 47. b5 Qe1+ 48. Qf2 Qe5+ 49.
 f4 Qc3+ 50. Kh2 Qb4 51. Rb2 Qxa4 52. b6 Bd5 53. b7 Bxb7 54. Rxb7 Qe4 55. 
Qb2 Qxf4+ 56. Kh1 h4 57. Qb3 Qf1+ 58. Kh2 Ne6 59. Rb8+ Kh7 60. Rc8 Qf4+ 
61. Kh1 Nd4 62. Qb2 Qf5 63. Rd8 Qf6 64. Rxd4 Qf1+ 65. Kh2 Qf6 66. Qb4 g5 
67. Rd6 Qe5+ 68. Kh1 1-0

[Event "Open de la Loire 2015-2016"]
[Site "LOIRE"]
[Date "2015.11.21"]
[Round "1.8"]
[White "Guichard, Thomas"]
[Black "Kendem, Camille"]
[Result "1-0"]
[WhiteElo "1530"]
[BlackElo "1299"]
[PlyCount "97"]

1. e4 e5 2. Nf3 Nc6 3. Bb5 Nf6 4. O-O Nxe4 5. d4 Bd6 6. Bxc6 dxc6 7. dxe5 
Be7 8. Qxd8+ Bxd8 9. Re1 Nc5 10. Nc3 O-O 11. b3 Bf5 12. Ba3 Be7 13. Nd4 
Bg6 14. e6 Rad8 15. exf7+ Rxf7 16. Bxc5 Bxc5 17. Ne6 Bxf2+ 18. Kh1 Re8 19.
 Re2 Rf6 20. Rf1 Bxc2 21. Rxc2 Rexe6 22. g3 Bd4 23. Rxf6 Bxf6 24. Ne2 h5 
25. Nf4 Re1+ 26. Kg2 Ra1 27. Nxh5 Kf7 28. Nxf6 Kxf6 29. Rf2+ Kg6 30. Kf3 
Rc1 31. Re2 c5 32. Re7 c4 33. Rxc7 Rc2 34. bxc4 Rxh2 35. a4 Ra2 36. Rxb7 
Rxa4 37. c5 Ra6 38. Rc7 Ra3+ 39. Kg4 Rc3 40. Rc6+ Kh7 41. Kf4 a6 42. g4 g6
43. Kg5 Rc4 44. Rc7+ Kg8 45. Rc6 Kg7 46. Rc7+ Kg8 47. Ra7 Rxc5+ 48. Kxg6 
a5 49. Ra8+ 1-0

[Event "Open de la Loire 2015-2016"]
[Site "LOIRE"]
[Date "2015.11.21"]
[Round "1.9"]
[White "Brachet, Gerard"]
[Black "Liogier, Pascal"]
[Result "1/2-1/2"]
[WhiteElo "1290"]
[BlackElo "1510"]
[PlyCount "93"]

1. d4 f5 2. c4 Nf6 3. Nf3 e6 4. a3 Be7 5. Bf4 O-O 6. e3 d6 7. Nc3 Nh5 8. 
Be2 Nxf4 9. exf4 Nd7 10. Qd2 Nf6 11. Rd1 Qe8 12. d5 Ne4 13. Nxe4 fxe4 14. 
Ng5 Qg6 15. Qe3 e5 16. Qxe4 Qxe4 17. Nxe4 Rxf4 18. Bd3 Bd7 19. O-O b5 20. 
Rfe1 bxc4 21. Bxc4 Raf8 22. Rd2 h6 23. b3 Kh8 24. a4 Bd8 25. Re3 R4f5 26. 
Rde2 Bh4 27. g3 Bd8 28. Bd3 Rf3 29. Kg2 R3f7 30. h3 Bf5 31. g4 Bxe4+ 32. 
Rxe4 Bh4 33. Rc2 Bxf2 34. Ree2 Bb6 35. Bf5 a5 36. Rc3 g5 37. Rf3 Kg7 38. 
Kg3 h5 39. h4 gxh4+ 40. Kxh4 hxg4 41. Kxg4 Re7 42. Rh2 Kf7 43. Rh7+ Ke8 
44. Rxe7+ Kxe7 45. Be6 Rxf3 46. Kxf3 c6 47. Ke4 1/2-1/2

[Event "Open de la Loire 2015-2016"]
[Site "LOIRE"]
[Date "2015.11.21"]
[Round "1.10"]
[White "Boeuf, Jean-Julien"]
[Black "Ben Habchi, Nordine"]
[Result "1/2-1/2"]
[WhiteElo "1505"]
[BlackElo "1275"]
[PlyCount "102"]

1. e4 e6 2. d3 b6 3. Nd2 Bb7 4. g3 d5 5. Bg2 Nf6 6. e5 Nfd7 7. Ngf3 Nc6 8.
 d4 Ba6 9. c3 Ne7 10. Qa4 Qc8 11. c4 c6 12. Bf1 Ng6 13. cxd5 Bxf1 14. dxc6
b5 15. cxd7+ Qxd7 16. Qb3 Bg2 17. Rg1 Bxf3 18. Nxf3 a5 19. Kf1 Bb4 20. Kg2
O-O 21. a3 Be7 22. Be3 a4 23. Qd1 Rfc8 24. Rc1 Qb7 25. Qe2 h6 26. Rxc8+ 
Rxc8 27. Rc1 Rd8 28. Rc3 b4 29. axb4 Bxb4 30. Rc2 Ne7 31. Kg1 Nd5 32. Ne1 
a3 33. bxa3 Bxa3 34. Nd3 Qb1+ 35. Kg2 Qb7 36. f3 Qb3 37. Bf2 Nc3 38. Qd2 
Bb4 39. Nxb4 Nb1 40. Rb2 Qc4 41. Qc2 Rc8 42. Qxc4 Rxc4 43. Nc2 Nc3 44. Nb4
Nb5 45. Nc2 Nc3 46. Ne1 Nd5 47. Rc2 Rb4 48. Nd3 Rb7 49. Nc5 Rc7 50. Rb2 
Nc3 51. Be1 Nd5 1/2-1/2

[Event "Open de la Loire 2015-2016"]
[Site "LOIRE"]
[Date "2015.11.21"]
[Round "1.11"]
[White "Moreira, Valentin"]
[Black "Desassis, Jean-Francois"]
[Result "0-1"]
[WhiteElo "1212"]
[BlackElo "1491"]
[PlyCount "40"]

1. e4 c5 2. d4 e6 3. Nf3 Nc6 4. d5 exd5 5. exd5 Nce7 6. c4 d6 7. Nc3 Nf6 
8. Bg5 Ng6 9. Bd3 Be7 10. Qc2 O-O 11. h4 Ng4 12. O-O-O h6 13. Bxg6 fxg6 
14. Bxe7 Qxe7 15. Rde1 Qf6 16. Ne4 Qf4+ 17. Kd1 Bf5 18. Qe2 Bxe4 19. Rh3 
Rae8 20. Nd2 Bc2+ 0-1

[Event "Open de la Loire 2015-2016"]
[Site "LOIRE"]
[Date "2015.11.21"]
[Round "1.12"]
[White "Barrandon, Georges"]
[Black "Jan, Alexandre"]
[Result "0-1"]
[WhiteElo "1460"]
[BlackElo "1199"]
[PlyCount "48"]

1. d4 Nf6 2. Bf4 e6 3. Nf3 d5 4. h3 Nc6 5. e3 Ne4 6. Bd3 Bd6 7. Bh2 O-O 8.
 Nbd2 Ng5 9. O-O Bxh2+ 10. Nxh2 e5 11. c3 e4 12. Bb1 Ne7 13. h4 Ne6 14. 
Qc2 Nf5 15. g3 g5 16. g4 Nxh4 17. f3 f5 18. gxf5 Nxf5 19. fxe4 Nxe3 20. 
Qd3 Nxf1 21. exd5 Rf7 22. Nhxf1 Qxd5 23. Bc2 Nf4 24. Qg3 Ne2+ 0-1

[Event "Open de la Loire 2015-2016"]
[Site "LOIRE"]
[Date "2015.11.21"]
[Round "1.13"]
[White "Choquelle, Jean"]
[Black "Lempereur, Theo"]
[Result "0-1"]
[WhiteElo "1170"]
[BlackElo "1452"]
[PlyCount "80"]

1. c4 e5 2. Nc3 Nf6 3. e4 Bb4 4. Nf3 d6 5. Be2 Bg4 6. a3 Bxc3 7. dxc3 Nbd7
8. Bd3 Nc5 9. Be3 Nxd3+ 10. Qxd3 Bxf3 11. gxf3 O-O 12. O-O-O b6 13. Qf1 g6
14. Qg1 Nh5 15. Qg4 Qf6 16. Bg5 Qe6 17. Qg2 Nf4 18. Bxf4 exf4 19. Qf1 Rad8
20. Rg1 Rfe8 21. Qe2 c6 22. Rd4 f5 23. Rgd1 c5 24. Rd5 fxe4 25. Re1 e3 26.
 Qf1 e2 27. Qg2 Re7 28. Qg5 Rde8 29. Qxf4 b5 30. Rxd6 Qxc4 31. Qd2 b4 32. 
Rd3 a5 33. Kb1 bxa3 34. Kc2 a2 35. Ra1 Qxd3+ 36. Qxd3 e1=Q 37. Qd5+ Qe6 
38. Qd2 Qf5+ 39. Kb3 Rb8+ 40. Kxa2 Reb7 0-1

[Event "Open de la Loire 2015-2016"]
[Site "LOIRE"]
[Date "2015.11.21"]
[Round "1.14"]
[White "Trottet, Francois"]
[Black "Viricel, Maxime"]
[Result "1-0"]
[WhiteElo "1440"]
[BlackElo "1050"]
[PlyCount "45"]

1. e4 e5 2. Nf3 Nc6 3. Bb5 Nge7 4. O-O a6 5. Ba4 b5 6. Bb3 Ng6 7. c3 Bc5 
8. d4 exd4 9. cxd4 Bb6 10. Nc3 Nh4 11. Nd5 Nxf3+ 12. Qxf3 Ba7 13. Nxc7+ 
Ke7 14. Qxf7+ Kd6 15. Bf4+ Ne5 16. Bxe5+ Kc6 17. Qd5+ Kb6 18. Nxa8+ Ka5 
19. Qd6 Bb6 20. Qb4+ Kxb4 21. Bd6+ Ka5 22. a3 Qf6 23. Bb4# 1-0

[Event "Open de la Loire 2015-2016"]
[Site "LOIRE"]
[Date "2015.11.21"]
[Round "1.15"]
[White "Raffin, Philippe"]
[Black "Bouchut, Leo"]
[Result "0-1"]
[WhiteElo "1020"]
[BlackElo "1424"]
[PlyCount "24"]

1. e4 e5 2. Nc3 Nf6 3. Nf3 Nc6 4. Bd3 Bc5 5. Qe2 d6 6. O-O Bg4 7. h3 Nd4 
8. Qd1 Nxf3+ 9. gxf3 Bxh3 10. Bb5+ Nd7 11. Re1 Qg5+ 12. Kh1 Qg2# 0-1

[Event "Open de la Loire 2015-2016"]
[Site "LOIRE"]
[Date "2015.11.21"]
[Round "2.1"]
[White "Lempereur, Theo"]
[Black "Acikgoz, Tuncay"]
[Result "0-1"]
[WhiteElo "1452"]
[BlackElo "1661"]
[PlyCount "119"]

1. e4 c6 2. d4 d5 3. e5 c5 4. c3 Nc6 5. Nf3 Bg4 6. Bb5 cxd4 7. Bxc6+ bxc6 
8. cxd4 e6 9. O-O Ne7 10. b3 Nf5 11. Bb2 c5 12. dxc5 Bxc5 13. b4 Bxf3 14. 
Qa4+ Qd7 15. Qxd7+ Kxd7 16. bxc5 Be2 17. Re1 Bd3 18. Nd2 Rab8 19. Nb3 Bc4 
20. g4 Ne7 21. Bc3 Bxb3 22. axb3 Nc6 23. b4 Rb7 24. Reb1 Rhb8 25. h3 a5 
26. b5 Rxb5 27. Rxb5 Rxb5 28. Bd2 Rxc5 29. Ra3 Rb5 30. Kf1 Kc7 31. f4 Kb6 
32. Be3+ d4 33. Bd2 Rb1+ 34. Ke2 Rb2 35. Kd3 Kb5 36. f5 Nxe5+ 37. Kxd4 
Nf3+ 38. Rxf3 Rxd2+ 39. Kc3 Rd7 40. fxe6 fxe6 41. Re3 Re7 42. Re5+ Kb6 43.
 Kb3 Kc6 44. Rxa5 e5 45. Kc3 Kd6 46. Kd3 Rc7 47. Ra6+ Rc6 48. Ra5 Rc5 49. 
Ra6+ Kd5 50. Ra4 e4+ 51. Ke3 Rc3+ 52. Ke2 Rc4 53. Rxc4 Kxc4 54. Ke3 Kd5 
55. g5 Ke5 56. h4 g6 57. Kd2 Kd4 58. Ke2 e3 59. Kf1 Kd3 60. Ke1 0-1

[Event "Open de la Loire 2015-2016"]
[Site "LOIRE"]
[Date "2015.11.21"]
[Round "2.2"]
[White "Minchilli, Franco"]
[Black "Trottet, Francois"]
[Result "1-0"]
[WhiteElo "1640"]
[BlackElo "1440"]
[PlyCount "90"]

1. d4 Nf6 2. c4 c6 3. Nf3 e6 4. Nc3 Bb4 5. Bd2 d5 6. e3 Nbd7 7. Bd3 dxc4 
8. Bxc4 Nb6 9. Bd3 O-O 10. Ne4 Bxd2+ 11. Nfxd2 Nbd5 12. O-O h6 13. Nc4 
Nxe4 14. Bxe4 Nf6 15. Bc2 Qd5 16. Ne5 Qb5 17. b3 a5 18. a4 Qd5 19. Rc1 b5 
20. Qd3 bxa4 21. Ng4 Rd8 22. Nxf6+ gxf6 23. Qh7+ Kf8 24. Qxh6+ Ke7 25. 
bxa4 Ba6 26. Rfd1 Rg8 27. e4 Qg5 28. Qh3 Be2 29. Re1 Bg4 30. Qg3 Kd7 31. 
d5 e5 32. dxc6+ Kc7 33. Qb3 Rgf8 34. Qb7+ Kd6 35. c7 Rfc8 36. Qb6+ Ke7 37.
 Qc5+ Ke8 38. Bd3 Bd7 39. Re3 Qg4 40. Rg3 Qxg3 41. hxg3 Bxa4 42. Bb5+ Bxb5
43. Qxb5+ Kf8 44. f4 Ra7 45. Qb8 Rxc7 1-0

[Event "Open de la Loire 2015-2016"]
[Site "LOIRE"]
[Date "2015.11.21"]
[Round "2.3"]
[White "Boeuf, Jeremy"]
[Black "Bouchut, Leo"]
[Result "1-0"]
[WhiteElo "1584"]
[BlackElo "1424"]
[PlyCount "132"]

1. f4 d5 2. Nf3 Nf6 3. e3 e6 4. Be2 Bd6 5. O-O Nc6 6. d4 Ne4 7. Nbd2 O-O 
8. Bd3 f5 9. Ne5 Nxe5 10. fxe5 Be7 11. Nxe4 fxe4 12. Be2 Bd7 13. Bd2 a6 
14. c4 c6 15. c5 b5 16. Qe1 Bh4 17. g3 Qg5 18. Kh1 Rxf1+ 19. Bxf1 Bxg3 20.
 Qxg3 Qf5 21. Bh3 Qf7 22. Ba5 Rf8 23. Rf1 Qe8 24. Rxf8+ Qxf8 25. Bc7 Qe8 
26. Qf4 Qh5 27. Bg4 Qf7 28. Qxf7+ Kxf7 29. Kg2 Kg6 30. Kg3 h5 31. Be2 Kg5 
32. h4+ Kg6 33. a4 Bc8 34. Kf4 Bd7 35. axb5 axb5 36. Bd8 Bc8 37. Bxb5 cxb5
38. Kg3 Bb7 39. Kf2 Kf5 40. Ke2 Kg4 41. Kd2 Kf3 42. Bg5 Kf2 43. Kc3 Ke2 
44. Kb4 Bc6 45. Ka5 Kd3 46. Kb6 Be8 47. c6 Bxc6 48. Kxc6 Kc4 49. b3+ Kb4 
50. Be7+ Kxb3 51. Kxb5 Kc3 52. Kc6 Kd3 53. Bg5 Ke2 54. Kd6 Kf3 55. Kxe6 
Kg4 56. Kf7 Kf5 57. e6 g6 58. e7 Kg4 59. e8=Q Kf3 60. Qe5 Kg4 61. Kxg6 Kf3
62. Kxh5 Ke2 63. Kg4 Kf2 64. Qf4+ Ke2 65. Qe5 Kd3 66. Qxd5 Kc3 1-0

[Event "Open de la Loire 2015-2016"]
[Site "LOIRE"]
[Date "2015.11.21"]
[Round "2.4"]
[White "Jan, Alexandre"]
[Black "Guichard, Thomas"]
[Result "0-1"]
[WhiteElo "1199"]
[BlackElo "1530"]
[PlyCount "54"]

1. e4 e6 2. d4 d5 3. Nc3 Bb4 4. e5 Ne7 5. Bd2 c5 6. Nf3 Nbc6 7. a3 Bxc3 8.
 Bxc3 cxd4 9. Nxd4 O-O 10. Bd3 Nxe5 11. Qh5 Nxd3+ 12. cxd3 Ng6 13. Nf3 f6 
14. O-O e5 15. d4 Nf4 16. Qh4 Ne2+ 17. Kh1 e4 18. Nd2 Nxc3 19. bxc3 b6 20.
 c4 Ba6 21. Rfc1 f5 22. Qf4 dxc4 23. Qe5 Rc8 24. Rc3 Re8 25. Qxf5 Qxd4 26.
 Re1 Qxc3 27. Nxe4 Qxe1# 0-1

[Event "Open de la Loire 2015-2016"]
[Site "LOIRE"]
[Date "2015.11.21"]
[Round "2.5"]
[White "Desassis, Jean-Francois"]
[Black "Gloaguen, Loic"]
[Result "1-0"]
[WhiteElo "1491"]
[BlackElo "1299"]
[PlyCount "52"]

1. c4 e5 2. Nc3 Nc6 3. d3 Nf6 4. Nf3 Bb4 5. Bd2 O-O 6. g3 d6 7. Bg2 Re8 8.
 O-O e4 9. Ng5 exd3 10. exd3 Bxc3 11. Bxc3 Ng4 12. Qd2 h6 13. Nf3 Nge5 14.
 Rae1 Bf5 15. Nxe5 Nxe5 16. Bxe5 dxe5 17. Re3 e4 18. Rfe1 Qd4 19. Bxe4 
Rxe4 20. Rxe4 Bxe4 21. Rxe4 Qd7 22. d4 c5 23. b3 Rd8 24. d5 a6 25. Qe3 Kf8
26. Qxc5+ Qd6 1-0

[Event "Open de la Loire 2015-2016"]
[Site "LOIRE"]
[Date "2015.11.21"]
[Round "2.6"]
[White "Vier, Serge"]
[Black "Brachet, Gerard"]
[Result "1-0"]
[WhiteElo "1664"]
[BlackElo "1290"]
[PlyCount "77"]

1. d4 d5 2. c4 e6 3. Nc3 Nf6 4. Bg5 Be7 5. cxd5 exd5 6. Qc2 Nc6 7. Nf3 Bg4
8. e3 Bxf3 9. gxf3 a6 10. a3 O-O 11. Rg1 Re8 12. Bd3 g6 13. f4 Kg7 14. f5 
h6 15. Bxf6+ Bxf6 16. fxg6 Qd6 17. gxf7+ Kxf7 18. Bg6+ Ke7 19. Bxe8 Rxe8 
20. O-O-O Kd8 21. Rg6 h5 22. Rdg1 Ne7 23. R6g2 c6 24. Na4 Kc7 25. Qb3 b5 
26. Nc5 Kb6 27. Qd1 h4 28. Qg4 Rg8 29. Qd7 Qxd7 30. Nxd7+ Kc7 31. Nxf6 
Rxg2 32. Rxg2 Kd6 33. f4 Ke6 34. Ng8 Nf5 35. Kd2 h3 36. Rg6+ Kf7 37. Rf6+ 
Kxg8 38. Rxf5 Kg7 39. Re5 1-0

[Event "Open de la Loire 2015-2016"]
[Site "LOIRE"]
[Date "2015.11.21"]
[Round "2.7"]
[White "Bournez, Gerard"]
[Black "Joly, Christian"]
[Result "0-1"]
[WhiteElo "1310"]
[BlackElo "1630"]
[PlyCount "110"]

1. e4 d6 2. Nc3 Nf6 3. d4 g6 4. h3 Bg7 5. Nf3 O-O 6. e5 dxe5 7. dxe5 Qxd1+
8. Nxd1 Nd5 9. c4 Nb4 10. Ne3 Bh6 11. a3 N4c6 12. Nd5 Bxc1 13. Rxc1 Na6 
14. b4 e6 15. Nf6+ Kg7 16. b5 Nxe5 17. Ne8+ Rxe8 18. Nxe5 Nc5 19. Be2 f6 
20. Nd3 Nb3 21. Rb1 Nd4 22. Rb2 e5 23. O-O Bf5 24. Nb4 c5 25. Nd5 Rac8 26.
 Re1 Nc2 27. Rc1 Nd4 28. b6 a6 29. Nc7 Re7 30. a4 Rd8 31. Nd5 Red7 32. a5 
Nxe2+ 33. Rxe2 Bd3 34. Re3 Bxc4 35. Rxc4 Rxd5 36. Rec3 Rc8 37. Kf1 Kf7 38.
 Ke2 Ke6 39. g3 Kd6 40. f3 Kc6 41. Rb3 Rcd8 42. Rc2 Rd4 43. Rbc3 R8d5 44. 
Ra2 Kb5 45. Rb2+ Rb4 46. Rxb4+ Kxb4 47. Re3 Kxa5 48. f4 Kxb6 49. Rb3+ Kc6 
50. fxe5 Rxe5+ 51. Kf2 b5 52. g4 c4 53. Ra3 Kb6 54. Rf3 f5 55. gxf5 Rxf5 
0-1

[Event "Open de la Loire 2015-2016"]
[Site "LOIRE"]
[Date "2015.11.21"]
[Round "2.8"]
[White "Ben Habchi, Nordine"]
[Black "Schuhmann, Alain"]
[Result "0-1"]
[WhiteElo "1275"]
[BlackElo "1580"]
[PlyCount "68"]

1. e4 c5 2. Nf3 Nc6 3. Nc3 e6 4. Be2 Be7 5. O-O Nf6 6. d3 O-O 7. Bg5 b6 8.
 h3 d6 9. Nh2 d5 10. exd5 Nxd5 11. Nxd5 Bxg5 12. Nc3 Nd4 13. Bf3 Rb8 14. 
Ne4 Bf4 15. g3 f5 16. Nd2 Qg5 17. c3 Nb5 18. Bg2 Bxd2 19. f4 Be3+ 20. Kh1 
Qxg3 21. Rf3 Qh4 22. Rxe3 Qxf4 23. Qe2 Rf6 24. Rf1 Qd6 25. Nf3 Bb7 26. Rg1
Nc7 27. Ne5 Nd5 28. Rg3 Rf7 29. Qe1 Re7 30. Nc4 Qc7 31. Ne5 Rf8 32. Qe2 
Nf4 33. Ng6 Nxe2 34. Nxe7+ Qxe7 0-1

[Event "Open de la Loire 2015-2016"]
[Site "LOIRE"]
[Date "2015.11.21"]
[Round "2.9"]
[White "Liogier, Pascal"]
[Black "Piguet, Francois"]
[Result "0-1"]
[WhiteElo "1510"]
[BlackElo "1400"]
[PlyCount "102"]

1. c4 Nf6 2. d4 g6 3. Nc3 Bg7 4. e3 O-O 5. Bd3 d6 6. Nge2 e5 7. O-O Nc6 8.
 d5 Ne7 9. Ng3 c6 10. dxc6 bxc6 11. Nge4 d5 12. Nxf6+ Bxf6 13. e4 d4 14. 
Qf3 Bg7 15. Ne2 f5 16. exf5 Bxf5 17. Bg5 Bxd3 18. Qxd3 Qc7 19. Ng3 Nf5 20.
 Ne4 Nd6 21. Nc5 Rae8 22. Qh3 Nf5 23. Rae1 Qc8 24. Re4 Nd6 25. Qxc8 Nxc8 
26. Rd1 Nd6 27. Rh4 Nxc4 28. b3 Nd6 29. Bh6 Nf5 30. Bxg7 Kxg7 31. Re4 Nd6 
32. Rxe5 Rxe5 33. Nd7 Rfe8 34. Nxe5 Rxe5 35. Kf1 Rd5 36. Rd3 c5 37. Ke2 
Re5+ 38. Kd1 Nb5 39. a4 Nc3+ 40. Kc2 Re2+ 41. Rd2 Rxd2+ 42. Kxd2 Ne4+ 43. 
Ke2 Kf6 44. f3 Nd6 45. Kd3 a5 46. b4 axb4 47. a5 b3 48. a6 b2 49. Kc2 Nb5 
50. Kxb2 c4 51. Kc2 Ke5 0-1

[Event "Open de la Loire 2015-2016"]
[Site "LOIRE"]
[Date "2015.11.21"]
[Round "2.10"]
[White "Hong, Shawn"]
[Black "Boeuf, Jean-Julien"]
[Result "0-1"]
[WhiteElo "1390"]
[BlackElo "1505"]
[PlyCount "92"]

1. e4 Nf6 2. Nc3 d5 3. e5 Nfd7 4. d4 e6 5. Nf3 c5 6. Be3 Nc6 7. Bb5 Qb6 8.
 Bxc6 bxc6 9. Na4 Qa5+ 10. c3 cxd4 11. Nxd4 Nxe5 12. O-O Ba6 13. b4 Qc7 
14. Re1 Nd3 15. Qe2 Qb7 16. Red1 Nc5 17. Qc2 Nxa4 18. Qxa4 Bb5 19. Nxb5 
Qxb5 20. Qxb5 cxb5 21. a4 bxa4 22. Rxa4 Bd6 23. Rxa7 O-O 24. Rda1 Rac8 25.
 Bd2 Be5 26. R1a3 Rb8 27. Rb3 Ra8 28. Rba3 Rxa7 29. Rxa7 Rb8 30. f4 Bd6 
31. Rd7 Bf8 32. Be3 h6 33. Rc7 g6 34. Bd4 Bd6 35. Rd7 Bxf4 36. b5 e5 37. 
g3 exd4 38. gxf4 dxc3 39. Rc7 d4 40. Rc4 Rxb5 41. Rxd4 Rc5 42. Rd1 c2 43. 
Rc1 Kg7 44. Kf2 Kf6 45. h4 Kf5 46. Kg3 Rc3+ 0-1

[Event "Open de la Loire 2015-2016"]
[Site "LOIRE"]
[Date "2015.11.21"]
[Round "2.11"]
[White "Martin, Julien"]
[Black "Moreira, Valentin"]
[Result "0-1"]
[WhiteElo "1545"]
[BlackElo "1212"]
[PlyCount "60"]

1. e4 Nc6 2. Nf3 f5 3. exf5 d5 4. d4 Bxf5 5. Ne5 Qd6 6. Bf4 Qb4+ 7. Bd2 
Qxd4 8. Nxc6 bxc6 9. Qh5+ g6 10. Qd1 Qe4+ 11. Qe2 Qxc2 12. Bc3 Qc1+ 13. 
Qd1 Qxd1+ 14. Kxd1 Nf6 15. g3 Be4 16. Rg1 Bg7 17. f3 Bxf3+ 18. Be2 Bxe2+ 
19. Kxe2 O-O 20. Nd2 e5 21. Nf3 c5 22. Bxe5 Rae8 23. Kd1 c6 24. Bd6 Rf7 
25. Bxc5 Ne4 26. Re1 Rxf3 27. Bxa7 Bxb2 28. Rb1 Bc3 29. Ke2 Bxe1 30. Kxf3 
Nd2+ 0-1

[Event "Open de la Loire 2015-2016"]
[Site "LOIRE"]
[Date "2015.11.21"]
[Round "2.12"]
[White "Kendem, Camille"]
[Black "Barrandon, Georges"]
[Result "1-0"]
[WhiteElo "1299"]
[BlackElo "1460"]
[PlyCount "92"]

1. e4 e5 2. f4 d6 3. Bc4 Nf6 4. f5 Nxe4 5. Qh5 Qd7 6. Be6 Qe7 7. Bxc8 Nf6 
8. Qf3 c6 9. Qb3 b5 10. a4 Qc7 11. axb5 Qxc8 12. b6 Qb7 13. Rxa7 Rxa7 14. 
bxa7 Qxa7 15. d3 Be7 16. Ne2 O-O 17. h3 Nbd7 18. g4 Qa8 19. g5 Rb8 20. Qa3
Qxa3 21. Nxa3 Nh5 22. d4 e4 23. Nc4 d5 24. Ne5 Nxe5 25. dxe5 Bc5 26. c3 
Re8 27. b4 Bb6 28. Rf1 Rxe5 29. f6 g6 30. h4 e3 31. Nd4 Bxd4 32. cxd4 Re4 
33. Bb2 Nf4 34. Bc1 Nd3+ 35. Ke2 Nf4+ 36. Ke1 Nd3+ 37. Ke2 Nxc1+ 38. Rxc1 
Re8 39. Rxc6 Kf8 40. Rd6 Rb8 41. Rxd5 Ke8 42. b5 Rb6 43. Kxe3 Rb7 44. Rc5 
Kd7 45. d5 Kd6 46. Kd4 Kd7 1-0

[Event "Open de la Loire 2015-2016"]
[Site "LOIRE"]
[Date "2015.11.21"]
[Round "2.13"]
[White "Libiszewski, Christian"]
[Black "Choquelle, Jean"]
[Result "0-1"]
[WhiteElo "1399"]
[BlackElo "1170"]
[PlyCount "76"]

1. e4 e5 2. Nf3 Nc6 3. d4 Bd6 4. Nc3 f6 5. a3 Be7 6. d5 Nd4 7. Nxd4 Bc5 8.
 Nf5 Kf7 9. Ne3 d6 10. b4 Bd4 11. Bd2 a6 12. Rb1 b5 13. Be2 Kf8 14. Bg4 
Qe8 15. Bxc8 Rxc8 16. Ne2 Bb6 17. Ng3 g6 18. Rc1 h5 19. h4 Qd7 20. Ne2 Nh6
21. c4 Kg7 22. c5 Ba7 23. c6 Qf7 24. f4 f5 25. fxe5 dxe5 26. exf5 Nxf5 27.
 Nxf5+ Qxf5 28. Qc2 Qf2+ 29. Kd1 Qxg2 30. Rg1 Bxg1 31. Nxg1 Qxg1+ 32. Ke2 
Qg4+ 33. Kd3 Qd4+ 34. Ke2 Rcf8 35. Be3 Qg4+ 36. Kd3 Qxh4 37. Rg1 Rf6 38. 
Qd2 Qc4# 0-1

[Event "Open de la Loire 2015-2016"]
[Site "LOIRE"]
[Date "2015.11.21"]
[Round "2.14"]
[White "Viricel, Maxime"]
[Black "Zaouak, Fahim"]
[Result "0-1"]
[WhiteElo "1050"]
[BlackElo "1399"]
[PlyCount "56"]

1. e4 e5 2. Nf3 Nc6 3. Bb5 d6 4. h3 Bd7 5. O-O Nf6 6. Nc3 Be7 7. d3 a6 8. 
Bc4 Qc8 9. Bg5 h6 10. Bxf6 gxf6 11. Nd5 Bxh3 12. Nxe7 Kxe7 13. Nh4 Bg4 14.
 Nf5+ Bxf5 15. exf5 Qxf5 16. d4 Nxd4 17. Bd3 Qg5 18. Be4 c6 19. c3 Ne6 20.
 Qc1 d5 21. Qxg5 hxg5 22. Bf3 Rh6 23. g3 Rah8 24. Rad1 Rh2 25. Rd3 e4 26. 
Bxe4 dxe4 27. Rd2 Rh1+ 28. Kg2 R8h2# 0-1